Concepciones y percepciones sobre los derechos sexuales y reproductivos en la adolescencia: (Registro nro. 4467)

Detalles MARC
000 -Cabecera
Campo de control interno 00697nam a2200181Ia 4500
005 - Fecha y hora del registro
control field 20260306145758.0
008 - Elementos de Longitud Fija
fixed length control field 260306t2007||||xx |||||||||||||| ||spa||
041 ## - Idioma
Codigo Idioma ESP
082 ## - DEWEY y NOTACIÓN INTERNA
Dewey 323.042
Notación Interna C265
100 ## - AUTOR
Autor denominación Chávez, Susana
Término de relación autor
245 #0 - TÍTULO DE MATERIAL BIBLIOGRÁFICO
Título Concepciones y percepciones sobre los derechos sexuales y reproductivos en la adolescencia:
Título paralelo recomendaciones para la implementación del plan regional de salud en la región de La Libertad en las prioridades sanitarias de embarazo no deseado, aborto y violencia familiar que afecta a los/ las adolescentes
260 ## - CIUDAD, EDITORIAL, AÑO
Año 2007
300 ## - DESCRIPCIÓN
N° Páginas 155 páginas :
Dimensiones 21cm.
650 ## - TEMAS
Temas Generalidades
654 ## - PROGRAMAS
Programa Dpto. de Humanidades
942 ## - ELEMENTOS DE KOHA
Tipo de documento Libro
Nombre del creador Justo Noguera
Código de catalogador Justo Noguera
Esquema de clasificación Dewey Decimal Classification
Suppress in OPAC
Existencias
Codigo completo Registro Colección Copia número Disponibilidad Tipo de préstamo Biblioteca Actual Procedencia (Biblioteca) Ubicacón Fecha Ingreso Tipo de Adquisición Date last seen Total checkouts Price effective from Tipo de Item Estado del Material Fuente de Clasificación Damaged status Withdrawn status
323.042 C265 1010022 Universidad Católica San Pablo 1 Disponible Disponible Víctor Andrés Belaunde Víctor Andrés Belaunde Planta baja abierta 03/06/2026 Donación 06/03/2026   06/03/2026 Libro Bueno Dewey Decimal Classification